| 000 | 00711nam a2200169 a 4500 | ||
|---|---|---|---|
| 008 | 220822s1998 ||||||||||||||||| || u | ||
| 050 | _aCBU(02)1998/1 | ||
| 100 | _aBoakye, E. Asare | ||
| 245 | 1 | 0 |
_aUrban land and informal settlement development(the case of Kitwe) _cBy E. Asare Boakye |
| 260 |
_aKitwe _bICARES _c1998 |
||
| 300 | _aviii, 77 pages : illustrations | ||
| 650 | _aINFORMAL SETTLEMENTS(SQUATTER SETTLEMENTS) | ||
| 650 | _aLAND USE | ||
| 650 | _aSQUATTER SETTLEMENTS--DEVELOPING COUNTRIES | ||
| 650 | _aLAND USE, URBAN--DEVELOPING COUNTRIES--MANAGEMENT | ||
| 995 |
_FCBU-MAIN LIBRARY (Kitwe) _M1 _UAVAILABLE _WAug 22, 2022 _ZUniversity Collection |
||
| 999 |
_c61030 _d61030 |
||